000 00267nam a2200109Ia 4500
001 1263931
005 20260417141928.0
008 260417s9999 xx 000 0 und d
020 _a9786256999138
245 0 _aKurt Kanunu
_cKemal Tahir
260 _bKetebe Yayınları
999 _c1263931
_d1263931